Pilgrimage।। - II (Record no. 1246435)

MARC details
000 -LEADER
fixed length control field 00488nam a2200193Ia 4500
008 - FIXED-LENGTH DATA ELEMENTS--GENERAL INFORMATION
fixed length control field 151121s9999||||xx |||||||||||||| ||und||
082 ## - DEWEY DECIMAL CLASSIFICATION NUMBER
Classification number 212 /RIC
082 ## - DEWEY DECIMAL CLASSIFICATION NUMBER
Item number HNW-64911
100 ## - MAIN ENTRY--PERSONAL NAME
Personal name Richardson Darothy
245 ## - TITLE STATEMENT
Title Pilgrimage।। - II
260 ## - PUBLICATION, DISTRIBUTION, ETC. (IMPRINT)
Name of publisher, distributor, etc "Virago Press Ltd, London।"
260 ## - PUBLICATION, DISTRIBUTION, ETC. (IMPRINT)
Date of publication, distribution, etc --
300 ## - PHYSICAL DESCRIPTION
Extent 454
600 ## - SUBJECT ADDED ENTRY--PERSONAL NAME
Personal name Richardson Darothy
630 ## - SUBJECT ADDED ENTRY--UNIFORM TITLE
Uniform title Pilgrimage।। - II
700 ## - ADDED ENTRY--PERSONAL NAME
Personal name Richardson Darothy
730 ## - ADDED ENTRY--UNIFORM TITLE
Uniform title Pilgrimage।। - II
942 ## - ADDED ENTRY ELEMENTS (KOHA)
Koha item type Book
Holdings
Withdrawn status Lost status Damaged status Not for loan Home library Current library Date acquired Cost, normal purchase price Total Checkouts Full call number Barcode Date last seen Cost, replacement price Price effective from Koha item type
        Hirachand Nemchand Wachanalaya, Solapur Hirachand Nemchand Wachanalaya, Solapur 11/21/2015 100.00   HNW-64911 HNW-64911 11/21/2015 100.00 11/21/2015 Book